Segundo Encuentro Internacional de Culturas Andinas (Registro nro. 301255)

Detalles MARC
000 -ENCABEZADO
Número de control [NR] 01258nam a2200265 a 4500
005 - FECHA Y HORA DE LA ÚLTIMA TRANSACCIÓN
control field 20150928094913.0
008 - DE LONGITUD FIJA DE DATOS DE ELEMENTOS - INFORMACIÓN GENERAL
Elementos de longitud fija [NR] 150928s2011 ck ao gr 00010dspa d
020 ## - NUMERO INTERNACIONAL NORMALIZADO PARA LIBROS [R]
Número Internacional Normalizado del libro [NR] [sin ISBN}
040 ## - FUENTE DE CATALOGACION [NR]
Agencia de catalogación original [NR] CO-BoUCM
Idioma de catalogación [NR] spa
Quien Cataloga Jose A. Gerena
Quien Clasifica Jose A. Gerena
041 0# - CODIGO DE IDIOMA [R]
Código de idioma para texto/pista de sonido o título separado [R] Español
111 2# - ASIENTO PRINCIPAL--NOMBRE DE REUNION [NR]
Nombre de reunión o de jurisdicción como elemento de entrada [NR] Encuentro Internacional de Culturas Andinas (
Fecha de la reunión [NR] 2010 :
Lugar de la reunión [NR] Pasto, Colombia)
9 (RLIN) 71782
240 10 - TITULO UNIFORME [NR]
Título uniforme [NR] <a href="Memorias">Memorias</a>
245 10 - MENCION DE TITULO [NR]
Título [NR] Segundo Encuentro Internacional de Culturas Andinas
Mención de responsabilidad, etc. [NR] fotografías Luis Ponce, Eric Bauer, Yuri René Rosero
260 ## - PUBLICACION, DISTRIBUCION, ETC. (PIE DE IMPRENTA) [R]
Lugar de publicación, distribución, etc. [R] Pasto (Nariño, Colombia)
Nombre del editor, distribuidor, etc. [R] Gobernación del Nariño,
Fecha de publicación, distribución, etc. [R] 2011
300 ## - DESCRIPCION FISICA [R]
Extensión [R] 240 páginas
Otros detalles físicos [NR] ilustraciones, fotografías
650 #7 - ASIENTO SECUNDARIO DE MATERIA - TERMINO TEMATICO [R]
Término temático o nombre geográfico como elemento de entrada [NR] Culturas indígenas
Subdivisión geográfica [R] Países Andinos (Región, América)
Subdivisión de forma [R] Congresos, conferencias, etc.
9 (RLIN) 12416
650 #7 - ASIENTO SECUNDARIO DE MATERIA - TERMINO TEMATICO [R]
Término temático o nombre geográfico como elemento de entrada [NR] Antropología cultural
Subdivisión geográfica [R] Países Andinos (Región, América)
Subdivisión de forma [R] Congresos, conferencias, etc.
9 (RLIN) 9189
650 #7 - ASIENTO SECUNDARIO DE MATERIA - TERMINO TEMATICO [R]
Término temático o nombre geográfico como elemento de entrada [NR] Creencias religiosas
Subdivisión geográfica [R] Países Andinos (Región, América)
Subdivisión de forma [R] Congresos, conferencias, etc.
9 (RLIN) 12128
690 ## - ASUNTO AGREGADO LOCAL DE ENTRADA - TÉRMINO TEMÁTICO (OCLC, RLIN)
9 (RLIN) 42914
Acceso temático local Sociología
700 1# - ASIENTO SECUNDARIO - NOMBRE PERSONAL [R]
Nombre personal [NR] Ponce, Luis
Término de relación [R] fotografías
9 (RLIN) 71783
700 1# - ASIENTO SECUNDARIO - NOMBRE PERSONAL [R]
Nombre personal [NR] Bauer, Eric
Término de relación [R] fotografías
9 (RLIN) 71784
700 1# - ASIENTO SECUNDARIO - NOMBRE PERSONAL [R]
Nombre personal [NR] René Rosero, Yuri
Término de relación [R] fotografías
9 (RLIN) 71785
942 ## - ELEMENTOS DE ENTRADA AGREGADOS (KOHA)
Sistema de clasificación DEWEY
Tema principal Sociología
Tipo de ítem principal el descrito en 300a Libro
Edición 1
Clasificación 306.0898
Parte restante de la signatura top. S456
Existencias
Fecha de último préstamo Total préstamos Total Renewals Signatura topográfica Código de barras Última vez visto Ejemplar Costo de reposición Price effective from Tipo de ítem Perdido Sistema de clasificación Dañado No prestable Tipo de ítem específico Suprimido Ubicación habitual Ubicación actual Localización Fecha de creación Proveedor Forma de adquisición Costo
06/07/2016 1 1 306.0898 S456 100147513 09/12/2025 Ej.1 26000.00 11/09/2015 Libro   DEWEY     Libro   Claustro Claustro 2do piso 11/09/2015 12 Donación 0.00